00748nam a2200157Ia 4500008004100000082002100041100001400062245011000076260003500186365000600221630011000227730011000337942000900447999001900456952011500475100415s9999 xx 000 0 und d b5461a595.76(54) aMaulik S aThe Fauna of British India, including Ceylon and Burma Coleoptera Chrysomelidae (Hispinae and Cassidinae) aLONDONc1919bTAYLOR & FRANCIS b0 aThe Fauna of British India, including Ceylon and Burma Coleoptera Chrysomelidae (Hispinae and Cassidinae) aThe Fauna of British India, including Ceylon and Burma Coleoptera Chrysomelidae (Hispinae and Cassidinae) cBOOK c588441d588438 00104070aBNHSbBNHSd1998-07-10g0.00l0o595.76(54) 5461pBNHS-5461r2010-04-15 00:00:00w2010-04-15yBOOK